LEADER 01195nam2 2200397 450 001 990002214760203316 005 20080625091319.0 035 $a000221476 035 $aUSA01000221476 035 $a(ALEPH)000221476USA01 035 $a000221476 100 $a20041125f---0---9km-y0itay50------ba 101 0 $agrc$afre 102 $aBE 105 $ay|||z|||001yy 200 1 $aProsopographia Ptolemaica$fpar W. Peremans et E. van't Dack$g[poi] W. Clarysse ... [et al.] 210 $aLovanii$c[s.n.] 215 $av.$d24 cm 225 2 $aStudia Hellenistica 410 0$1001000175186$aStudia Hellenistica 607 $aEgitto antico 676 $a932 700 1$aPEREMANS,$bWilly$0198800 701 1$aDACK,$bEdmond : van't$0569361 702 1$aCLARYSSE,$bWilly 801 0$aIT$bsalbc$gISBD 912 $a990002214760203316 951 $aV.1. Coll. 37/$bL.M.$cV.1. Coll. 959 $aBK 969 $aUMA 979 $aACQUISTI$b10$c20041125$lUSA01$h1335 979 $aANNAMARIA$b90$c20080624$lUSA01$h1423 979 $aANNAMARIA$b90$c20080625$lUSA01$h0912 979 $aANNAMARIA$b90$c20080625$lUSA01$h0913 996 $aProsopographia Ptolemaica$91031881 997 $aUNISA LEADER 01126nam1-22003971i-450- 001 990007531620403321 005 20090904140306.0 010 $a88-205-0635-1 035 $a000753162 035 $aFED01000753162 035 $a(Aleph)000753162FED01 035 $a000753162 100 $a20030814d1989----km-y0itay50------ba 101 0 $aita 102 $aIT 105 $aa-------001yy 200 1 $aStudi Geografici sul paesaggio$fa cura di Giorgio Botta 210 $aMilano$cCisalpino$dc 1989 215 $aXX, 338 p.$cill.$d24 cm 225 1 $aQuaderni di Acme$v11 300 $aIn testa al front.: Istituto di Geografia Umana 610 0 $aPaesaggio 676 $a910 676 $a719 676 $a304.2 702 1$aBotta,$bGiorgio$f<1941- > 710 02$aUniversità degli studi di Milano.$bIstituto di geografia umana$0162220 801 0$aIT$bUNINA$gRICA$2UNIMARC 901 $aBK 912 $a990007531620403321 952 $aA-G 0627$bI.G. s.i.$fILFGE 952 $a304.2 BOT 1$fFLFBC 959 $aILFGE 959 $aFLFBC 996 $aStudi Geografici sul paesaggio$9683644 997 $aUNINA LEADER 01592nas 2200397 n 450 001 990009003890403321 005 20240229084342.0 011 $a0268-8638 035 $a000900389 035 $aFED01000900389 035 $a(Aleph)000900389FED01 035 $a000900389 091 $2CNR$aP 00056008 100 $a20161109a19419999km-y0itaa50------ba 101 0 $aeng 102 $aGB 110 $aauu-------- 200 1 $aMediaeval and Renaissance studies 207 1$a1941- 210 $aWorchester - London$c[s.n.] 421 0$1001000900390$12001$aMediaeval and Renaissance studies. Supplement 530 0 $aMediaeval and Renaissance studies 675 $a940.1 675 $a7 675 $a940 712 02$aUniversity of London$bWarburg Institute 801 0$aIT$bACNP$c20090723 859 4 $uhttp://acnp.cib.unibo.it/cgi-ser/start/it/cnr/dc-p1.tcl?catno=38197&person=false&language=ITALIANO&libr=&libr_th=unina1$zBiblioteche che possiedono il periodico 901 $aSE 912 $a990009003890403321 958 $aBRAU. Biblioteca di Ricerca di Area Umanistica$b1950;1954;1958;1961;1968;$eGRAN BRETAGNA 13$fFLFBC 959 $aFLFBC 996 $aMediaeval and Renaissance studies$9791645 997 $aUNINA AP1 8 $6866-01$aNA072 BRAU. Biblioteca di Ricerca di Area Umanistica$bGRAN BRETAGNA 13$ePiazza Bellini 56/60, 80133 Napoli (NA)$m(081) 2533948$nit AP2 40$aacnp.cib.unibo.it$nACNP Italian Union Catalogue of Serials$uhttp://acnp.cib.unibo.it/cgi-ser/start/it/cnr/df-p.tcl?catno=38197&language=ITALIANO&libr=&person=&B=1&libr_th=unina&proposto=NO